01873cam a2200397 a 45000010005000000030006000050050017000110080041000280100017000690200018000860200015001040400023001190420008001420430012001500500025001620820020001871000023002072450118002302600040003483000050003885050007004385200319004455210022007645210018007866000064008046000076008686500055009446500073009996500069010726500081011417000034012229060045012569420015013019990015013169520144013311974FISKH20231024083136.0070321s2007 nyua j 000 0deng  a 2007925321 a9781423106357 a1423106350 aDLCcDLCdDLCbeng apcc an-us---00aE185.97.K5bR36 200700a323/.092aB2231 aRappaport, Doreen.10aMartin's big words :bthe life of Dr. Martin Luther King, Jr. /cDoreen Rappaport ; illustrated by Bryan Collier. aNew York :bJump at the Sun,c2001. a40 unnumbered pages :billustrations ;c28 cm aO  aUsing quotes from some of his beloved speeches, Dr. Martin Luther King, Jr. comes to life in stunning collage art and vibrant watercolor paintings in this profound and important biography about beliefs and dreams and following ones heart. Martin Luther King, Jr. in his own words, will inspire and affect you, too.8 a610 bLexile AD 8 aO bRaz-Plus 10aKing, Martin Luther,cJr.,d1929-1968vJuvenile literature.10aKing, Martin Luther,cJr.,d1929-1968vQuotationsvJuvenile literature. 0aAfrican AmericansvBiographyvJuvenile literature. 0aCivil rights workerszUnited StatesvBiographyvJuvenile literature. 0aBaptistszUnited StatesxClergyvBiographyvJuvenile literature. 0aAfrican AmericansxCivil rightsxHistoryy20th centuryvJuvenile literature.1 aCollier, Bryan,eillustrator  a7bcbccorignewd2eepcnf20gy-gencatlg 2ddccBKn0 c1974d1974 00102ddc40708NFICa001b001cTK Yellowd2023-10-24l1oRAP 323.092 E185.K5pFISTK01957r2025-10-17 08:08:02s2025-10-03w2023-10-24yBK